Boroughs of Greater London - Statistics

General Stats
  • This quiz has been taken 65 times
  • The average score is 21 of 32
Answer Stats
status Answer % Correct
Borough and City City of Westminster
92%
Borough Kensington and Chelsea
85%
Borough Brent
75%
Borough Greenwich
75%
Borough Barking and Dagenham
74%
Borough Hammersmith and Fulham
74%
Borough Hounslow
72%
Borough Haringey
70%
Borough Tower hamlets
70%
Borough Barnet
68%
Borough Ealing
68%
Borough Newham
68%
Borough Bromley
66%
Borough Enfield
66%
Borough Camden
64%
Borough Hackney
64%
Borough Harrow
64%
Borough Richmond upon Thames
64%
Borough Bexley
62%
Borough Croydon
62%
Borough Kingston upon Thames
62%
Borough Sutton
62%
Borough Lambeth
60%
Borough Islington
58%
Borough Southwark
58%
Borough Hillingdon
55%
Borough lewisham
55%
Borough Havering
53%
Borough Waltham Forest
53%
Borough Redbridge
51%
Borough Wandsworth
51%
Borough Merton
49%
No matching quizzes found
Score Distribution
Percent of People with Each Score
Percentile by Number Answered
Your Score History
You have not taken this quiz